Statistics for NHL Teams by Clue

Click here to take the quiz!

General Stats

  • This quiz has been taken 1,066 times
  • The average score is 13 of 30

Answer Stats

Hint Answer % Correct
Mallard, WoodAnaheim Ducks
78%
Syrup, TreeToronto Maple Leafs
76%
Slang, People up northVancouver Canucks
65%
Sword, World War IBuffalo Sabres
63%
Native Americans, Tribal ChiefChicago Blackhawks
61%
Natural Disaster, ColdColorado Avalanche
57%
Civil War, the Uniforms WornColumbus Blue Jackets
52%
Bull, Tiger, MakoSan Jose Sharks
52%
Bessie Smith, B.B. KingSt. Louis Blues
50%
Greenland, TaiwanNew York Islanders
46%
Tiger, Lion, HumansNashville Predators
44%
Horns, RedNew Jersey Devils
44%
Justin Bieber, Alexander Graham BellMontreal Canadiens
43%
Sirius, the SunDallas Stars
43%
Park, ForestNew York Rangers
42%
Carnivore, DogPhoenix Coyotes
41%
Pilot, PamphletPhiladelphia Flyers
41%
John McCain, Joseph McCarthyOttawa Senators
41%
Leonidas, GeorgeLos Angeles Kings
39%
Motors, Montreal HCDetroit Red Wings
38%
Pink, BlackFlorida Panthers
38%
Hot, Gaseous, VisibleCalgary Flames
33%
Harrier, HornetWinnipeg Jets
31%
La Paz, CairoWashington Capitals
31%
Irene, CamilleCarolina Hurricanes
30%
Cloud-to-Ground, Dry, BallTampa Bay Lightning
29%
Ursus arctos, old-fashioned wordBoston Bruins
24%
Emperor, Gentoo, ChinstrapPittsburgh Penguins
21%
Parties, PokemonMinnesota Wild
19%
Transformers, Type of ShipEdmonton Oilers
14%

Score Distribution

Percentile by Number Answered

Percent of People with Each Score

Your Score History

You have not taken this quiz